000 00478nam a2200169Ia 4500
008 230718s9999 xx 000 0 und d
020 _a9788120327252
041 _aeng
082 _a005.4'53
_bCHA
100 _aChattopadhyay S.
_9118564
245 _aCompiler Design
260 _bPrentice Hall Of India
300 _a225
_dRef 1195 C (25170)
365 _cRs.
_b195.00
700 _aChattopadhyay S.
_9118564
906 _dO:0261423-Feb-2012B:111120063718-Jan-2012
_cIT
_b195
999 _c330106
_d330106